000 01170nam a2200241 i 4500
001 166812
003 ES-MaACL
005 20251005063132.0
008 021219s1868 sp |||| | spa d
100 1 _aUsoz y Río, Santiago,
_d1815-1878
_9173195
245 1 0 _aDisertación leída en la Universidad de Salamanca en la solemne apertura del curso académico de 1868 a 1669 [i.e. 1869] /
_cpor D. Santiago Usoz y Río.
260 _aSalamanca :
_b[s.n.],
_c1868 (
_fEst. Tip. de Oliva)
300 _a29, 20 p. ;
_c31 cm.
505 8 _aContiene además: Datos estadísticos [del distrito universitario de Salamanca] correspondientes al curso académico de 1866 a 1867 (20 p.).
530 _aDisponible en formato digital.
594 _aTema, en p. 6: "Las lenguas antiguas griega y latina"
650 4 _aLengua latina.
_914291
650 4 _aLengua griega.
_914240
710 2 _aUniversidad de Salamanca.
_97275
852 _aES-MaACL
_jT-657-F-1
_z- Enc. hol., conservando cub. original
_z- Enc. en un vol. facticio
856 4 _uhttp://hdl.handle.net/10366/97794
_zRepositorio Institucional de la Universidad de Salamanca
999 _c166812
_d166812